[Event "Lichtenberger Sommer 2019"]
[Site "Berlin"]
[Date "2019.08.23"]
[Round "7.77"]
[White "Direktor, Paul"]
[Black "Udet, Fabian"]
[Result "0-1"]
[WhiteElo "1350"]
[BlackElo "1684"]
[PlyCount "92"]
[EventDate "2019.??.??"]
[WhiteTeam "SK Neuburg"]
[BlackTeam "1. SC Anhalt"]

1. d4 d5 2. c4 Nc6 3. Nc3 Nf6 4. Nf3 dxc4 5. e3 e6 6. Bxc4 Bb4 7. Bd2 O-O 8.
O-O b6 9. a3 Bxc3 10. Bxc3 Bb7 11. Bb5 Ne7 12. Rc1 Ne4 13. Bb4 Nd6 14. Bd3 Nd5
15. Bxd6 cxd6 16. Qc2 g6 17. Be4 f5 18. Bxd5 Bxd5 19. Qc7 Rf7 20. Qxd8+ Rxd8
21. Ng5 Rb7 22. f3 h6 23. e4 hxg5 24. exd5 exd5 25. Rfe1 Kf7 26. Rc2 Re7 27.
Rxe7+ Kxe7 28. Re2+ Kd7 29. a4 Rc8 30. b3 Rc3 31. Rb2 Rd3 32. Kf2 Rxd4 33. Ke3
Rd1 34. Ke2 Rc1 35. Kd2 Rc5 36. b4 Rc4 37. Kd3 a6 38. g3 Ke6 39. Re2+ Kf6 40.
Rb2 g4 41. f4 g5 42. fxg5+ Kxg5 43. a5 b5 44. Rc2 Rxc2 45. Kxc2 f4 46. gxf4+
Kxf4 0-1

[Event "Lichtenberger Sommer 2019"]
[Site "Berlin"]
[Date "2019.08.23"]
[Round "7.78"]
[White "Ettel, Ralf"]
[Black "Tedesco, Gennaro"]
[Result "1-0"]
[WhiteElo "1471"]
[BlackElo "1663"]
[PlyCount "83"]
[EventDate "2019.??.??"]
[WhiteTeam "SK König Tegel"]
[BlackTeam "SC Kreuzberg"]

1. c4 c5 2. Nc3 Nc6 3. g3 g6 4. Bg2 Bg7 5. e3 e5 6. Nge2 Nge7 7. O-O O-O 8. Rb1
d6 9. a3 a5 10. Nb5 Be6 11. b3 d5 12. cxd5 Bxd5 13. Nec3 Bxg2 14. Kxg2 f5 15.
Bb2 Rb8 16. Qe2 Re8 17. Qc4+ Kh8 18. Qxc5 b6 19. Qd6 e4 20. Rfc1 Be5 21. Qxd8
Rexd8 22. Rc2 Rd3 23. f4 exf3+ 24. Kxf3 Rbd8 25. Ke2 Kg8 26. Bc1 Bxc3 27. Rxc3
Ne5 28. Nd4 Rxc3 29. dxc3 Nd5 30. Bb2 Ng4 31. c4 Nc7 32. h3 Nh6 33. Nf3 Nf7 34.
Bd4 Rd6 35. b4 Ne6 36. c5 Nxd4+ 37. exd4 Re6+ 38. Kd3 axb4 39. Rxb4 bxc5 40.
dxc5 Ra6 41. a4 Nd8 42. Rb8 1-0

[Event "Lichtenberger Sommer 2019"]
[Site "Berlin"]
[Date "2019.08.23"]
[Round "7.79"]
[White "Doraszelski, Alexander"]
[Black "Stark, Steven"]
[Result "1-0"]
[WhiteElo "1649"]
[BlackElo "1443"]
[PlyCount "107"]
[EventDate "2019.??.??"]
[WhiteTeam "SV Empor Berlin"]
[BlackTeam "BSC Rehberge"]

1. e4 e5 2. Nf3 Qe7 3. Bc4 Nc6 4. O-O h6 5. Nc3 Nf6 6. d4 d6 7. h3 Bd7 8. Be3
Na5 9. Bd3 c5 10. dxc5 dxc5 11. Qe2 a6 12. Nd2 b5 13. b3 Nc6 14. f4 Nd4 15. Qf2
Be6 16. Nf3 Nd7 17. Bxd4 cxd4 18. Nd5 Bxd5 19. exd5 O-O-O 20. Rfe1 f6 21. Rac1
Kb7 22. c4 Nc5 23. Bf1 Qf7 24. cxb5 Qxd5 25. bxa6+ Nxa6 26. Bxa6+ Kxa6 27. fxe5
Bc5 28. exf6 Rhe8 29. Rxe8 Rxe8 30. fxg7 Rg8 31. Qc2 Kb6 32. b4 Bxb4 33. Qc7+
Kb5 34. Qc6+ Qxc6 35. Nxd4+ Ka4 36. Rxc6 Rxg7 37. Rc4 Rb7 38. Nc2 Ka5 39. Nxb4
Kb5 40. Rf4 Ra7 41. Kh2 Ra3 42. h4 Kc5 43. h5 Kb5 44. g3 Ra8 45. Kh3 Rh8 46. g4
Kc5 47. Kh4 Kd6 48. g5 hxg5+ 49. Kxg5 Ke6 50. h6 Ke7 51. a4 Rg8+ 52. Kh5 Ke6
53. a5 Rg1 54. h7 1-0

[Event "Lichtenberger Sommer 2019"]
[Site "Berlin"]
[Date "2019.08.23"]
[Round "7.80"]
[White "Lippianowski, Stefan"]
[Black "Geiß, Anne"]
[Result "0-1"]
[WhiteElo "1083"]
[BlackElo "1393"]
[PlyCount "48"]
[EventDate "2019.??.??"]
[WhiteTeam "SV Mattnetz Berlin"]
[BlackTeam "Schachpinguine Berlin"]

1. e4 d5 2. Nc3 d4 3. Nd5 c6 4. Nf4 e5 5. Nh5 g6 6. Ng3 Nf6 7. d3 Bg7 8. Nf3
Nbd7 9. Bd2 a5 10. c4 a4 11. Bb4 Qc7 12. Be2 c5 13. Bd2 O-O 14. O-O h6 15. Ne1
Nh7 16. f4 exf4 17. Bxf4 Ne5 18. Nc2 Qe7 19. h4 Qxh4 20. Kf2 Qxf4+ 21. Bf3 Bg4
22. Ne1 Bxf3 23. gxf3 Ng4+ 24. Kg2 Ne3+ 0-1

[Event "Lichtenberger Sommer 2019"]
[Site "Berlin"]
[Date "2019.08.23"]
[Round "7.82"]
[White "Lange, Christoph"]
[Black "Casny, Guenter"]
[Result "0-1"]
[WhiteElo "1306"]
[BlackElo "1841"]
[PlyCount "138"]
[EventDate "2019.??.??"]
[WhiteTeam "TSG Oberschöneweide"]
[BlackTeam "SC Rochade (Berlin)"]

1. e4 g6 2. d4 Bg7 3. c4 c5 4. d5 d6 5. Qc2 Na6 6. a3 Bd7 7. Nc3 Rb8 8. Nf3 Nc7
9. Rb1 a5 10. Be2 f6 11. O-O Nh6 12. Bd3 O-O 13. Re1 Ng4 14. Bd2 Ne5 15. Nxe5
fxe5 16. Rf1 b5 17. cxb5 Nxb5 18. Nxb5 Bxb5 19. Bxb5 Rxb5 20. a4 Rb7 21. b3 Qb6
22. Be3 Rfb8 23. h3 Rf8 24. Kh1 Rf7 25. Qc4 Rf8 26. Bd2 Ra7 27. Qe2 Qa6 28.
Qxa6 Rxa6 29. Kg1 h6 30. Rfe1 Kh7 31. Re2 Ra7 32. Be3 Rf6 33. Rf1 Rb7 34. Rb1
Rf8 35. Reb2 Rfb8 36. Bc1 h5 37. Bd2 Ra8 38. g3 Bh6 39. Bc3 Bg5 40. Kg2 Kg8 41.
Kf3 Kf7 42. Ke2 e6 43. dxe6+ Kxe6 44. h4 Bd8 45. Kd2 Rab8 46. Kc2 Rf7 47. Rf1
Bb6 48. f3 Rbf8 49. Rg1 Rxf3 50. Kd2 Rf2+ 51. Kd1 Rxb2 52. Bxb2 c4 53. Rg2 cxb3
54. Kd2 Rf2+ 55. Rxf2 Bxf2 56. Kc3 Bxg3 57. Kxb3 Be1 58. Kc4 Bxh4 59. Bc3 Bd8
60. Kb5 h4 61. Be1 h3 62. Bg3 d5 63. exd5+ Kxd5 64. Bh2 e4 65. Bf4 Bg5 66. Bxg5
h2 67. Kxa5 h1=Q 68. Be7 e3 69. Kb6 Qb1+ 0-1

[Event "Lichtenberger Sommer 2019"]
[Site "Berlin"]
[Date "2019.08.23"]
[Round "7.83"]
[White "Mayer, Herbert"]
[Black "Schiller, Stephan"]
[Result "1/2-1/2"]
[WhiteElo "1804"]
[BlackElo "1571"]
[PlyCount "46"]
[EventDate "2019.??.??"]
[WhiteTeam "SC Rochade (Berlin)"]
[BlackTeam "SV Motor Wildau"]

1. c4 Nf6 2. Nc3 d6 3. g3 Nc6 4. Bg2 e5 5. e4 Be7 6. d3 O-O 7. Nge2 Bg4 8. O-O
Nd4 9. f3 Nxe2+ 10. Qxe2 Be6 11. f4 exf4 12. Bxf4 c6 13. Rad1 Nd7 14. d4 Nb6
15. d5 Bd7 16. Kh1 Re8 17. Qd3 Bg4 18. e5 dxe5 19. Bxe5 f6 20. Qd4 Bd7 21. Bf4
cxd5 22. Bxd5+ Nxd5 23. cxd5 Bh3 1/2-1/2

[Event "Lichtenberger Sommer 2019"]
[Site "Berlin"]
[Date "2019.08.23"]
[Round "7.84"]
[White "Müller, Johannes"]
[Black "Fricke, Janek Konrad"]
[Result "0-1"]
[WhiteElo "1760"]
[BlackElo "1536"]
[PlyCount "70"]
[EventDate "2019.??.??"]
[WhiteTeam "SC Eintracht Berlin"]
[BlackTeam "SV Empor Berlin"]

1. e4 c5 2. Nc3 Nc6 3. f4 d6 4. Nf3 Nf6 5. Bb5 Bd7 6. O-O e6 7. d3 Be7 8. h3 h6
9. Kh1 Nh5 10. Kh2 Nf6 11. g4 Qc7 12. Ne2 a6 13. Bxc6 Qxc6 14. c4 g5 15. fxg5
hxg5 16. Kg2 Nh7 17. Ng3 O-O-O 18. Bd2 Rdf8 19. b4 f5 20. bxc5 dxc5 21. Ne5 Qd6
22. Ng6 Bf6 23. Rb1 Be5 24. Rf3 fxg4 25. Rxf8+ Rxf8 26. Nxf8 gxh3+ 27. Kxh3
Nxf8 28. Qf3 Bxg3 29. Qxg3 g4+ 30. Kxg4 e5+ 31. Kh4 Qf6+ 32. Qg5 Qf2+ 33. Kh5
Be8+ 34. Kh6 Qh2+ 35. Kg7 Ne6+ 0-1

[Event "Lichtenberger Sommer 2019"]
[Site "Berlin"]
[Date "2019.08.23"]
[Round "7.85"]
[White "Kreuchauf, Olaf"]
[Black "Nareyek, Matthias"]
[Result "1-0"]
[WhiteElo "1690"]
[BlackElo "1448"]
[PlyCount "89"]
[EventDate "2019.??.??"]
[WhiteTeam "SC Eintracht Berlin"]
[BlackTeam "SV Empor Berlin"]

1. d4 Nf6 2. c4 g6 3. Nc3 Bg7 4. e4 d6 5. h3 O-O 6. Bg5 Nbd7 7. Bd3 h6 8. Be3
e5 9. d5 c6 10. Rc1 Nh7 11. Qd2 a5 12. Nge2 Qe7 13. O-O Kh8 14. Bb1 Rg8 15. f4
Qh4 16. Bf2 Qe7 17. Rcd1 c5 18. Qe1 Nb6 19. b3 exf4 20. Nxf4 Be5 21. Nce2 g5
22. Nd3 g4 23. Nxe5 dxe5 24. h4 Bd7 25. a3 Rg7 26. b4 axb4 27. axb4 Ra3 28.
Bxc5 Qd8 29. Bxb6 Qxb6+ 30. c5 Qd8 31. g3 Ng5 32. hxg5 Qxg5 33. Rd3 Ra1 34. Rf2
Bb5 35. Rb3 h5 36. Qc1 Qg6 37. Nc3 Bd3 38. Qe1 h4 39. gxh4 g3 40. Rg2 Qh6 41.
Qd2 Qxh4 42. Qxd3 Rh7 43. Qxg3 Qh1+ 44. Kf2 Ra8 45. Qxe5+ 1-0

[Event "Lichtenberger Sommer 2019"]
[Site "Berlin"]
[Date "2019.08.23"]
[Round "7.86"]
[White "Uhlenbrock, Sven"]
[Black "Eichstädt, Torsten"]
[Result "1-0"]
[WhiteElo "1652"]
[BlackElo "1401"]
[PlyCount "71"]
[EventDate "2019.??.??"]
[BlackTeam "SG NARVA Berlin"]

1. d4 d5 2. Bf4 Nf6 3. e3 e6 4. Nf3 c5 5. c3 Qb6 6. Qb3 c4 7. Qc2 Nbd7 8. Nbd2
Bd6 9. Bg3 h6 10. b3 cxb3 11. axb3 Bxg3 12. hxg3 Qc7 13. Bd3 a5 14. b4 b6 15.
O-O Bb7 16. bxa5 bxa5 17. Ra3 O-O 18. c4 Ba6 19. c5 Bxd3 20. Qxd3 Rfe8 21. Qc3
e5 22. Re1 exd4 23. exd4 Ne4 24. Nxe4 dxe4 25. Nd2 Nf6 26. Nf1 Ng4 27. Ne3 Nxe3
28. Qxe3 Ra7 29. d5 Re5 30. Qd4 f6 31. c6 Ra6 32. Qc4 Ra7 33. d6+ Qf7 34. Qxf7+
Kxf7 35. c7 Rc5 36. d7 1-0

[Event "Lichtenberger Sommer 2019"]
[Site "Berlin"]
[Date "2019.08.23"]
[Round "7.87"]
[White "Tschirschwitz, Stephan"]
[Black "Nguyen, Phuc Nhat"]
[Result "1/2-1/2"]
[WhiteElo "1495"]
[BlackElo "1599"]
[PlyCount "118"]
[EventDate "2019.??.??"]
[WhiteTeam "Lasker Steglitz-Wilmersdorf"]
[BlackTeam "SC Zugzwang 95 (Berlin)"]

1. d4 Nf6 2. c4 e6 3. Nc3 d5 4. Bg5 Bb4 5. e3 h6 6. Bh4 g5 7. Bg3 Ne4 8. Qc2
Nxg3 9. hxg3 Bd7 10. c5 b6 11. a3 Bxc3+ 12. Qxc3 Qf6 13. b4 a5 14. b5 bxc5 15.
Qxc5 Qd8 16. a4 c6 17. Rc1 f6 18. Nf3 Kf7 19. Bd3 cxb5 20. Bxb5 Bxb5 21. axb5
Nd7 22. Qd6 Qe7 23. Qxe7+ Kxe7 24. Kd2 a4 25. Ra1 Nb6 26. Ra2 Nc4+ 27. Kd3 a3
28. Nd2 Nxd2 29. Kxd2 Ra5 30. Rb1 Rb8 31. b6 Kf7 32. Rb3 Kg6 33. Raxa3 Rxa3 34.
Rxa3 Rxb6 35. Kc2 e5 36. Ra5 Rd6 37. Kd3 Kf5 38. f3 Ke6 39. g4 f5 40. gxf5+
Kxf5 41. g4+ Kf6 42. dxe5+ Kxe5 43. Rc5 Rf6 44. Ke2 Ra6 45. Kd2 Rd6 46. Kd3 Ra6
47. Kd2 Ra4 48. Kd1 Kd6 49. Rc2 h5 50. gxh5 Rh4 51. h6 Rxh6 52. Rg2 Rf6 53. Ke2
Rf5 54. Rg4 Ke5 55. e4 dxe4 56. fxe4 Rf4 57. Rxg5+ Kxe4 58. Ra5 Rf5 59. Rxf5
Kxf5 1/2-1/2

[Event "Lichtenberger Sommer 2019"]
[Site "Berlin"]
[Date "2019.08.23"]
[Round "7.88"]
[White "Koppe, Cordelia"]
[Black "Mueller, Jörg René"]
[Result "1/2-1/2"]
[WhiteElo "1436"]
[BlackElo "1590"]
[PlyCount "118"]
[EventDate "2019.??.??"]
[WhiteTeam "SV Rüdersdorf"]
[BlackTeam "SC Zugzwang 95 (Berlin)"]

1. d4 g6 2. e4 Bg7 3. Nf3 e6 4. c3 Ne7 5. Bd3 O-O 6. O-O b6 7. Bf4 Bb7 8. Re1
Nbc6 9. e5 Nd5 10. Bg3 Rc8 11. a3 Nb8 12. c4 Ne7 13. Bh4 Qe8 14. Nc3 a6 15. Be4
c6 16. Qd2 Nf5 17. Bxf5 exf5 18. Bf6 Qe6 19. Bxg7 Kxg7 20. b3 h6 21. Ne2 a5 22.
Nf4 Qe7 23. Re3 g5 24. Nh5+ Kg6 25. Nf6 d6 26. h4 Nd7 27. h5+ Kg7 28. Nxd7 Qxd7
29. exd6 Qxd6 30. Ne5 Rce8 31. Qd3 Bc8 32. Rf1 c5 33. Nf3 Rxe3 34. fxe3 cxd4
35. exd4 Re8 36. d5 Qxa3 37. Qc3+ f6 38. Nd4 Qc5 39. Kh1 f4 40. Qd3 f5 41. Nb5
Re3 42. Qc2 Qe7 43. Qb2+ Kg8 44. d6 Qf7 45. Kg1 Bd7 46. Qd4 Rxb3 47. Qxb6 Qxc4
48. Qd8+ Kg7 49. Qxd7+ Qf7 50. Qxf7+ Kxf7 51. d7 Rd3 52. Ra1 Rxd7 53. Rxa5 g4
54. Nc3 Kf6 55. Ne2 Kg5 56. g3 Rd1+ 57. Kf2 f3 58. Nf4 Rd2+ 59. Kf1 Rd1+
1/2-1/2

[Event "Lichtenberger Sommer 2019"]
[Site "Berlin"]
[Date "2019.08.23"]
[Round "7.89"]
[White "Timm, Christian"]
[Black "Kultscher, Christian"]
[Result "1-0"]
[WhiteElo "1573"]
[BlackElo "1366"]
[PlyCount "135"]
[EventDate "2019.??.??"]
[WhiteTeam "SV Herzberg"]
[BlackTeam "1. SC Anhalt"]

1. Nf3 d5 2. d4 Nc6 3. g3 Nf6 4. Bg2 h6 5. O-O Bf5 6. a3 e6 7. Nbd2 Bd6 8. c4
dxc4 9. Nxc4 O-O 10. Nfe5 Be4 11. Nxc6 Bxc6 12. f3 Re8 13. e4 Bb5 14. b3 e5 15.
Bb2 Qe7 16. Re1 Bxc4 17. bxc4 Rad8 18. Qc2 exd4 19. Bxd4 Bc5 20. Bxc5 Qxc5+ 21.
Kh1 Rd4 22. Qb3 b6 23. Bf1 Red8 24. e5 Nh5 25. f4 g6 26. e6 Rd2 27. e7 Re8 28.
Qb5 Qxb5 29. cxb5 Rd7 30. Bg2 Rdxe7 31. Red1 Re3 32. Bc6 R8e7 33. Kg2 Kg7 34.
Rd8 Re2+ 35. Kh3 Re1 36. Rxe1 Rxe1 37. Ra8 Re3 38. Rxa7 Nxf4+ 39. Kg4 Ne6 40.
h4 f5+ 41. Kh3 f4 42. Kg2 fxg3 43. Bf3 Kf6 44. Ra4 Rb3 45. Kxg3 Rxb5 46. Re4 g5
47. a4 Re5 48. hxg5+ Nxg5 49. Rc4 Rc5 50. Rxc5 bxc5 51. a5 c4 52. a6 c3 53. Bd1
Ne4+ 54. Kf4 Nc5 55. a7 c2 56. Bxc2 Nd7 57. a8=Q h5 58. Qh8+ Ke7 59. Qg7+ Kd6
60. Qd4+ Ke7 61. Bf5 Nf8 62. Qg7+ Ke8 63. Qe5+ Kf7 64. Qxc7+ Ke8 65. Kg5 h4 66.
Kxh4 Nh7 67. Bxh7 Kf8 68. Kg5 1-0

[Event "Lichtenberger Sommer 2019"]
[Site "Berlin"]
[Date "2019.08.23"]
[Round "7.90"]
[White "Paris, Gerhard"]
[Black "Fontaine, Constantin"]
[Result "0-1"]
[WhiteElo "1384"]
[BlackElo "1498"]
[PlyCount "50"]
[EventDate "2019.??.??"]
[WhiteTeam "TSG Oberschöneweide"]
[BlackTeam "SK Tempelhof 1931"]

1. e4 c5 2. Nc3 g6 3. g3 Bg7 4. Bg2 Nc6 5. d3 e6 6. Be3 b6 7. Qd2 Nf6 8. Nf3
O-O 9. h3 d5 10. exd5 exd5 11. Ne2 Nd7 12. Bh6 Bxb2 13. Bxf8 Bxa1 14. O-O Nxf8
15. Rxa1 Ne6 16. h4 Qf6 17. Re1 Ng7 18. Ng5 h6 19. Nh3 Bxh3 20. Bxd5 Re8 21.
Bxc6 Qxc6 22. f3 Qxf3 23. Nf4 Qxg3+ 24. Kh1 Rxe1+ 25. Qxe1 Qxe1+ 0-1

[Event "Lichtenberger Sommer 2019"]
[Site "Berlin"]
[Date "2019.08.23"]
[Round "7.91"]
[White "Koerber, Bernhard"]
[Black "Morczynski, Ryszard"]
[Result "1-0"]
[WhiteElo "1488"]
[BlackElo "1304"]
[PlyCount "63"]
[EventDate "2019.??.??"]
[WhiteTeam "Lasker Steglitz-Wilmersdorf"]
[BlackTeam "SK Zehlendorf"]

1. e4 g6 2. d4 c6 3. Nc3 h5 4. f4 d5 5. e5 Nh6 6. Nf3 Bg4 7. Be2 Bxf3 8. Bxf3
e6 9. Be3 Nf5 10. Bf2 h4 11. Qd2 Be7 12. O-O-O Kf8 13. g4 hxg3 14. hxg3 Kg7 15.
Rdg1 Na6 16. Qd1 Qa5 17. Rg2 b5 18. Rgh2 b4 19. Nb1 Qxa2 20. b3 Qa5 21. g4 Nh6
22. Qg1 c5 23. Rh3 Rag8 24. Qh2 f5 25. Rxh6 Qd8 26. Rh7+ Rxh7 27. Qxh7+ Kf8 28.
gxf5 Rg7 29. Qh6 exf5 30. Rg1 g5 31. Bh4 g4 32. Bf6 1-0

[Event "Lichtenberger Sommer 2019"]
[Site "Berlin"]
[Date "2019.08.23"]
[Round "7.92"]
[White "Dittrich, Hans-Jürgen"]
[Black "Toth, Hans-Jürgen"]
[Result "1-0"]
[WhiteElo "1284"]
[BlackElo "1401"]
[PlyCount "97"]
[EventDate "2019.??.??"]
[WhiteTeam "SC Eintracht Berlin"]
[BlackTeam "SF Zehdenick"]

1. d4 f5 2. Bf4 d5 3. Nf3 Nc6 4. e3 e6 5. c3 Nf6 6. Nbd2 Be7 7. Bb5 Bd7 8. Ne5
Nxe5 9. Bxd7+ Nfxd7 10. dxe5 O-O 11. Nf3 c5 12. b3 b5 13. O-O a5 14. h3 Nb6 15.
a4 bxa4 16. Nd2 axb3 17. Nxb3 Nc4 18. Qc1 a4 19. Nd2 Nxd2 20. Qxd2 c4 21. Rfb1
Qd7 22. f3 a3 23. e4 Qc6 24. Kh2 fxe4 25. fxe4 dxe4 26. Be3 Rfd8 27. Qc1 Qd5
28. Bd4 h6 29. Rb6 Rdb8 30. Qb1 Rxb6 31. Qxb6 Kf7 32. Ra2 Kg6 33. Qb1 Ra7 34.
Bxa7 Qxe5+ 35. Kh1 Qxc3 36. Qxe4+ Kf7 37. Rf2+ Kg8 38. Qxe6+ Kh7 39. Qxe7 Qc1+
40. Kh2 a2 41. Qe4+ Kg8 42. Bd4 a1=Q 43. Bxa1 Qxa1 44. Qe8+ Kh7 45. Rf8 g5 46.
Rf7+ Qg7 47. Rxg7+ Kxg7 48. g3 Kf6 49. Qc6+ 1-0

[Event "Lichtenberger Sommer 2019"]
[Site "Berlin"]
[Date "2019.08.24"]
[Round "8.1"]
[White "Barseghyan, Armen Ar"]
[Black "Ahmadinia, Ebrahim"]
[Result "0-1"]
[WhiteElo "2313"]
[BlackElo "2453"]
[PlyCount "70"]
[EventDate "2019.??.??"]
[BlackTeam "SF 1903 Berlin"]

1. d4 d5 2. c4 c6 3. Nf3 Nf6 4. Nbd2 Bg4 5. g3 e6 6. Bg2 Nbd7 7. O-O Be7 8. b3
O-O 9. Bb2 h6 10. Rc1 a5 11. a3 Bf5 12. e3 Re8 13. Qe2 Ne4 14. Rfd1 Nxd2 15.
Nxd2 Nf6 16. f3 Qb6 17. g4 Bh7 18. c5 Qc7 19. e4 Nd7 20. b4 axb4 21. axb4 Bg5
22. Ra1 Bf4 23. Nf1 b6 24. Bc3 bxc5 25. bxc5 Rxa1 26. Rxa1 e5 27. exd5 cxd5 28.
Qa6 Nxc5 29. Qb5 Nd7 30. Ba5 Qc8 31. dxe5 Bxe5 32. Rd1 Nf6 33. Kh1 Qc4 34. Qb7
Bd3 35. Ne3 Qf4 0-1

[Event "Lichtenberger Sommer 2019"]
[Site "Berlin"]
[Date "2019.08.24"]
[Round "8.2"]
[White "Neffe, Axel"]
[Black "Stern, René"]
[Result "0-1"]
[WhiteElo "2198"]
[BlackElo "2515"]
[PlyCount "120"]
[EventDate "2019.??.??"]
[WhiteTeam "SF Hamburg"]
[BlackTeam "SK König Tegel"]

1. e4 e5 2. f4 exf4 3. Nf3 g5 4. Nc3 Bg7 5. d4 d6 6. g3 g4 7. Nh4 f3 8. Be3 Nc6
9. Qd2 Nce7 10. O-O-O c6 11. Bd3 Qa5 12. Kb1 b5 13. Nf5 Bxf5 14. exf5 d5 15.
Rde1 O-O-O 16. Nxd5 Qxd2 17. Nxe7+ Nxe7 18. Bxd2 Nd5 19. c3 h5 20. h3 Bf6 21.
a4 a6 22. axb5 axb5 23. Kc2 Rdg8 24. hxg4 hxg4 25. Kd1 Bd8 26. Rxh8 Rxh8 27. f6
Nxf6 28. Bg5 Nd5 29. Bf5+ Kb7 30. Bd2 Bc7 31. Bxg4 Bxg3 32. Rf1 f2 33. Ke2 Re8+
34. Kf3 Bh4 35. Bh3 f6 36. Bf5 Re1 37. Bd3 f5 38. b3 f4 39. Bxf4 Nxc3 40. Bd2
Nd5 41. Kg4 Rxf1 42. Bxf1 Bf6 43. Kf3 Bxd4 44. Ke2 Kb6 45. Bg2 Kc5 46. Kd3 Bf6
47. Be3+ Nxe3 48. Kxe3 Bh4 49. Kd3 Kb4 50. Kc2 Bd8 51. Bf1 Bb6 52. Bg2 c5 53.
Bf1 Ka5 54. Kd2 c4 55. Kc3 cxb3 56. Kxb3 Bd4 57. Be2 Kb6 58. Kb4 Bc5+ 59. Kb3
Be7 60. Bf1 Kc5 0-1

[Event "Lichtenberger Sommer 2019"]
[Site "Berlin"]
[Date "2019.08.24"]
[Round "8.3"]
[White "Meyer-Dunker, Paul"]
[Black "Ortmann, David"]
[Result "0-1"]
[WhiteElo "2064"]
[BlackElo "2340"]
[PlyCount "80"]
[EventDate "2019.??.??"]
[WhiteTeam "TSG Oberschöneweide"]
[BlackTeam "SC Böblingen"]

1. e4 e6 2. d4 d5 3. e5 c5 4. c3 Nc6 5. Nf3 Bd7 6. Be2 Nge7 7. Na3 cxd4 8. cxd4
Ng6 9. Bd3 Qb6 10. Nc2 Nb4 11. Nxb4 Bxb4+ 12. Kf1 Bb5 13. Qe2 Bxd3 14. Qxd3 Rc8
15. Be3 O-O 16. g3 Be7 17. h4 f6 18. h5 Nh8 19. Kg2 Nf7 20. Nh4 Qa6 21. Qd1
fxe5 22. Ng6 Rfe8 23. h6 hxg6 24. Qg4 Qd3 25. Qxe6 Qe4+ 26. Kg1 exd4 27. h7+
Kh8 28. Qxe4 dxe4 29. Bxd4 Bc5 30. Bc3 e3 31. fxe3 Rxe3 32. Kg2 Ng5 33. Rh4
Re2+ 34. Kh1 Bd6 35. Rd1 Bxg3 36. Rh6 Be5 37. Bxe5 Rxe5 38. Rxg6 Kxh7 39. Rgd6
Rc2 40. R1d2 Re2 0-1

[Event "Lichtenberger Sommer 2019"]
[Site "Berlin"]
[Date "2019.08.24"]
[Round "8.4"]
[White "Hesse, Henrik"]
[Black "Krefenstein, Sergej"]
[Result "1-0"]
[WhiteElo "2185"]
[BlackElo "2125"]
[PlyCount "73"]
[EventDate "2019.??.??"]
[WhiteTeam "SV Mattnetz Berlin"]
[BlackTeam "BSC Rehberge"]

1. c4 e5 2. g3 Nf6 3. Bg2 c6 4. Nf3 e4 5. Nd4 Qb6 6. e3 d5 7. O-O Bc5 8. Nb3
Bd6 9. d3 Bg4 10. Qc2 Na6 11. dxe4 dxe4 12. Nc3 Nb4 13. Qb1 Be5 14. Nxe4 Be2
15. Nxf6+ Bxf6 16. Qe4+ Kf8 17. c5 Qb5 18. Bd2 Nd3 19. Bc3 Re8 20. Qf5 Bxc3 21.
bxc3 Re5 22. Qc8+ Re8 23. Qd7 Ne5 24. Qd6+ Kg8 25. Nd4 Qd3 26. Rfb1 h5 27. Rxb7
Rh6 28. Qc7 Qxc3 29. Rab1 Bd3 30. Rd1 Bc4 31. Rb8 Rxb8 32. Qxb8+ Kh7 33. Qxe5
h4 34. Qe4+ Kg8 35. Qc2 Qb4 36. Rb1 Qxc5 37. Rb8+ 1-0

[Event "Lichtenberger Sommer 2019"]
[Site "Berlin"]
[Date "2019.08.24"]
[Round "8.5"]
[White "Nohr, Jonas"]
[Black "Thinius, Marco"]
[Result "0-1"]
[WhiteElo "2126"]
[BlackElo "2404"]
[PlyCount "80"]
[EventDate "2019.??.??"]
[WhiteTeam "Königsjäger Süd-West"]
[BlackTeam "SV Empor Berlin"]

1. c4 c5 2. Nc3 g6 3. g3 Bg7 4. Bg2 Nc6 5. a3 d6 6. Rb1 a5 7. d3 e5 8. Qa4 Ra6
9. h4 h6 10. Nf3 Nge7 11. O-O O-O 12. Nd5 Nxd5 13. cxd5 Ne7 14. e4 Bd7 15. Qc2
b5 16. b3 Nc8 17. Bd2 Nb6 18. Nh2 a4 19. b4 c4 20. f4 cxd3 21. Qxd3 exf4 22.
Bxf4 Nc4 23. Kh1 Ra8 24. Nf3 Qb6 25. Rbe1 Rfe8 26. Nd2 Ne5 27. Qb1 Ng4 28. Re2
Rac8 29. Rf3 Ne5 30. Rfe3 Rc7 31. Re1 Ng4 32. Rf3 Rec8 33. Nf1 Rc3 34. Rc1 Rxc1
35. Bxc1 Bd4 36. Bb2 Ne5 37. Bxd4 Qxd4 38. Re3 Bg4 39. Qe1 Rc2 40. Qb1 Rb2 0-1

[Event "Lichtenberger Sommer 2019"]
[Site "Berlin"]
[Date "2019.08.24"]
[Round "8.6"]
[White "Rosmann, Ilja"]
[Black "Mertens, Fridolin"]
[Result "0-1"]
[WhiteElo "2323"]
[BlackElo "2113"]
[PlyCount "96"]
[EventDate "2019.??.??"]
[WhiteTeam "Königsspringer SC 1984"]
[BlackTeam "SG 1871 Löberitz"]

1. e4 c5 2. Nf3 e6 3. d4 cxd4 4. Nxd4 a6 5. Nc3 Qc7 6. g3 Nf6 7. Bg2 Nc6 8.
Nde2 Be7 9. O-O O-O 10. h3 b5 11. a3 Bb7 12. g4 d6 13. Ng3 Rfd8 14. g5 Ne8 15.
f4 Bf8 16. h4 d5 17. e5 a5 18. h5 b4 19. axb4 axb4 20. Na4 Ba6 21. Re1 Bb5 22.
b3 Bc5+ 23. Be3 Bxe3+ 24. Rxe3 Qa7 25. Qd2 Qd4 26. Rd1 Qxf4 27. g6 hxg6 28.
hxg6 fxg6 29. Nb6 d4 30. Rd3 Qxd2 31. R3xd2 Ra2 32. Be4 Nc7 33. Nc4 Nd5 34.
Bxg6 Bxc4 35. bxc4 Ne3 36. Re1 Nxc4 37. Rde2 Ra5 38. Be4 N6xe5 39. Rh2 g6 40.
Rb1 Rb5 41. Nf1 Nd6 42. Bg2 Kg7 43. Rh3 Nec4 44. Rd3 e5 45. Nd2 Ne3 46. Rb2 Rc8
47. Ne4 Ndc4 48. Ra2 Ra5 0-1

[Event "Lichtenberger Sommer 2019"]
[Site "Berlin"]
[Date "2019.08.24"]
[Round "8.7"]
[White "Dathe, Frederick"]
[Black "Petersen, Soren Boeck"]
[Result "1/2-1/2"]
[WhiteElo "2110"]
[BlackElo "2218"]
[PlyCount "33"]
[EventDate "2019.??.??"]
[WhiteTeam "SC Kreuzberg"]
[BlackTeam "Damhus Skakklub"]

1. Nf3 d5 2. c4 e6 3. g3 Nf6 4. Bg2 c5 5. O-O Nc6 6. cxd5 exd5 7. d4 Be7 8. Nc3
O-O 9. b3 Ne4 10. Bb2 Bf6 11. e3 Bg4 12. Ne2 Qa5 13. Ne5 Bxe2 14. Qxe2 cxd4 15.
exd4 Rfe8 16. Bxe4 dxe4 17. Qxe4 1/2-1/2

[Event "Lichtenberger Sommer 2019"]
[Site "Berlin"]
[Date "2019.08.24"]
[Round "8.8"]
[White "Syre, Christian"]
[Black "Kornrumpf, Joachim"]
[Result "1-0"]
[WhiteElo "2198"]
[BlackElo "2099"]
[PlyCount "55"]
[EventDate "2019.??.??"]
[BlackTeam "Preetzer TSV"]

1. c4 c5 2. Nf3 Nf6 3. Nc3 e6 4. e3 b6 5. d4 cxd4 6. exd4 d6 7. Bd3 Bb7 8. O-O
Be7 9. Re1 O-O 10. d5 e5 11. Qc2 Nbd7 12. Ng5 h6 13. Nf3 Rc8 14. Bd2 Re8 15.
Rac1 Qc7 16. Qd1 Qb8 17. Nh4 Bf8 18. Nf5 Nc5 19. Bb1 a6 20. Qf3 Ncd7 21. Ne4
Nxe4 22. Rxe4 g6 23. Nxh6+ Bxh6 24. Bxh6 f5 25. Rh4 e4 26. Qh3 Kf7 27. Bg5 Rh8
28. Rh7+ 1-0

[Event "Lichtenberger Sommer 2019"]
[Site "Berlin"]
[Date "2019.08.24"]
[Round "8.9"]
[White "Braeunlin, Herbert"]
[Black "Möller, Dustin"]
[Result "0-1"]
[WhiteElo "2091"]
[BlackElo "2178"]
[PlyCount "94"]
[EventDate "2019.??.??"]
[BlackTeam "Eckernförder SC"]

1. Nf3 d5 2. c4 e6 3. e3 Nf6 4. Be2 c5 5. O-O d4 6. exd4 cxd4 7. d3 Nc6 8. Re1
Be7 9. a3 a5 10. Nbd2 O-O 11. Nf1 e5 12. Ng3 Ne8 13. Bf1 f6 14. Bd2 Nc7 15. Rb1
Na6 16. Qc1 Kh8 17. Be2 Rb8 18. Bd1 Bd7 19. Ba4 Nc5 20. Bc2 Na6 21. h3 Qc7 22.
Re2 g5 23. Nh2 Rg8 24. Qe1 Nc5 25. b4 axb4 26. axb4 Ne6 27. b5 Ncd8 28. Qf1 Nf4
29. Ree1 Nde6 30. Bd1 Nc5 31. Bc2 Qc8 32. Bb4 Qf8 33. Bxc5 Bxc5 34. Bd1 Bb4 35.
Re4 Re8 36. Bh5 Ra8 37. Bd1 Ra3 38. Rb3 Ra1 39. Ne2 Bf5 40. Nxf4 gxf4 41. Re2
Bxh3 42. f3 Ba5 43. Kh1 Bf5 44. Reb2 Bc3 45. Rb1 Ra2 46. Ng4 Bxg4 47. fxg4 Qh6+
0-1

[Event "Lichtenberger Sommer 2019"]
[Site "Berlin"]
[Date "2019.08.24"]
[Round "8.10"]
[White "Kohler, Thomas"]
[Black "Schulz, Hartmut"]
[Result "1/2-1/2"]
[WhiteElo "2178"]
[BlackElo "2064"]
[PlyCount "41"]
[EventDate "2019.??.??"]
[WhiteTeam "SC Zitadelle Spandau"]
[BlackTeam "SC Rochade (Berlin)"]

1. g3 d5 2. Nf3 Bf5 3. Bg2 e6 4. O-O Nf6 5. c4 c6 6. d3 Be7 7. Be3 O-O 8. Qb3
Qc7 9. Nc3 Rd8 10. Rac1 dxc4 11. Qxc4 Nbd7 12. Bd2 Ne5 13. Nxe5 Qxe5 14. Qb3
Rd7 15. Qa4 Qd4 16. Qxd4 Rxd4 17. Be3 Rb4 18. b3 Nd5 19. Bd2 Nxc3 20. Bxc3 Rb5
21. d4 1/2-1/2